Foundation Biology 2023 Class 8/ (Record no. 208112)

MARC details
000 -LEADER
fixed length control field 00453nam a22001697a 4500
005 - DATE AND TIME OF LATEST TRANSACTION
control field 20250107113958.0
010 ## - LCCN (DPL NO)
LC control number B-761567
020 ## - INTERNATIONAL STANDARD BOOK NUMBER
International Standard Book Number 9789356069220
Terms of availability 375.00
035 ## - SYSTEM CONTROL NUMBER
System control number B-761567
037 ## - SOURCE OF ACQUISITION
Source of stock number/acquisition Gift
082 ## - DEWEY DECIMAL CLASSIFICATION NUMBER
Classification number 580
245 ## - TITLE STATEMENT
Title Foundation Biology 2023 Class 8/
260 ## - PUBLICATION, DISTRIBUTION, ETC. (IMPRINT)
Place of publication, distribution, etc New Delhi
Name of publisher, distributor, etc Pearson
Date of publication, distribution, etc 202?
300 ## - PHYSICAL DESCRIPTION
Extent Vp.
Dimensions 28cm(pb)
942 ## - ADDED ENTRY ELEMENTS (KOHA)
Source of classification or shelving scheme Dewey Decimal Classification
Item type Children Books
Call number suffix FOU
Classification part 580
Holdings
Withdrawn status Lost status Not for loan Collection code Home library Current library Date acquired Source of acquisition Cost, normal purchase price Full call number Barcode Copy number Cost, replacement price Koha item type Public note
      Non-fiction Central Library Central Library 07/01/2025 Gift/19.12.24 375.00 FOU 580 B-761567 1 375.00 Children Books Gift

© Delhi Public Library
Hit Counter
free hit counter